00510nam a2200157Ia 450000500170000000800410001708200130005810000170007124500360008826000620012430000170018650000350020394200060023895200950024499900130033920250410031807.0240331s9999 xx 000 0 und d a142bRAV aRavindram, N 0aPin navenaththuvamum alakiyalum aVavuniyabvaavuniya kalai ilakkiya nanbarkal vattamc1997 aVii, 96 p ., aPost Modernism and Aesthetics  cL 001040708LaWERCLbWERCLcSSCd2024-03-31l0o 142 RAVp2495r2024-03-31w2024-03-31yL c728d728